000 00567nam a2200205Ia 4500
005 20250923145109.0
008 008 250917s9999 xx 000 0 eng d
037 _aTextual
040 _aDSWL
_beng
_cDSWL
041 _aeng
_2eng
084 _aR10t415, N65
_qDSWL
100 _aWilson, John
_9831765
245 0 _aLogic and sexual morality
_cby John Wilson
260 _aEngland
_bPenguin Books
_c1965
300 _aviii,222 p.
365 _aINR
_b4
925 _g4
942 _cTEXL
_hR10t415, N65
999 _c1447047
_d1447047